| 000 | 01664cam a2200385 i 4500 | ||
|---|---|---|---|
| 001 | 25901 | ||
| 003 | Mx-PuUPA | ||
| 005 | 20250818141436.0 | ||
| 008 | 140415s2015 mx ad gr 000 0 spa d | ||
| 020 |
_a9786070270123 _qrústica |
||
| 020 |
_a9786070269875 _qcolección rústica |
||
| 040 |
_aMx-PuUPA _bspa _cMx-PuUPA _dMx-PuUPA _erda |
||
| 041 | 0 | _aspa | |
| 043 | _an-mx--- | ||
| 100 | 1 |
_aCórdova Vianello, Lorenzo, _d1972- _917326 _eautor |
|
| 245 | 1 | 3 |
_aEl déficit de la democracia en México : _bencuesta nacional de cultura política / _cLorenzo Córdova, Julia Isabel Flores, Omar Alejandre, Salvador Vázquez del Mercado |
| 250 |
_aPrimera edición / _bagosto |
||
| 264 | 1 |
_aMéxico, D.F. : _bUniversidad Nacional Autónoma de México : Instituto de Investigaciones Jurídicas, _c2015 |
|
| 300 |
_a320 páginas : _bilustraciones, gráficas ; _c22 cm |
||
| 336 |
_2rdacontent _atexto _btxt |
||
| 337 |
_2rdamedia _asin medio _bn |
||
| 338 |
_2rdacarrier _avolumen _bnc |
||
| 490 | 0 |
_aLos mexicanos vistos por sí mismos. Los grandes temas nacionales ; _v25 |
|
| 650 | 7 |
_2armarc _aDemocracia _zMéxico _xOpinión pública |
|
| 651 | 4 |
_aMéxico _xPolítica y gobierno _xOpinión pública |
|
| 651 | 4 |
_aMéxico _xPolítica y gobierno _ySiglo XXI |
|
| 651 | 4 |
_aMéxico _xCondiciones sociales _ySiglo XXI |
|
| 700 | 1 |
_aFlores Dávila, Julia Isabel, _eautor _917339 |
|
| 700 | 1 |
_aGalaz, Omar Alejandre, _eautor |
|
| 700 | 1 |
_aVázquez del Mercado, Salvador, _eautor |
|
| 942 |
_2ddc _cLI _h320.972 _iC78 |
||
| 999 |
_c25901 _d25901 |
||